000 00198 a2200097 4500
001 1479
100 _aBoyd, T.E
245 _aStrength of materials
260 _a
_bMcgrawhill
_c
090 _c1022
_d1022
942 _aNUST-CAE
_cM
_c248
999 _c236552
_d236552